000 00755nam a2200205Ia 4500
003 GCL
008 140319s9999 xx 000 0 ara d
040 _aGCL /
_cGCL
082 0 4 _a624
_bا م
100 1 _aمحمد صادق العدوى
245 1 0 _aمبادئ فى الهندسة المدنية للاقسام الكهربية والميكانيكية والكيميائية /
_cمحمد صادق العدوى
700 1 _aابراهيم عبيدو
260 _aبيروت :
_bدار الراتب الجامعية ،
_c1987
300 _a216 ص
650 0 4 _aالهندسة الالكترونية
650 0 4 _aالهندسة
650 0 4 _aالهندسة الكيميائية
650 0 4 _aالهندسة الكهربية
942 _2ddc
_cBK
999 _c33279
_d33279